[Event "ROM-ch U08"]
[Site "Calimanesti"]
[Date "2013.04.08"]
[Round "9"]
[White "Bratu, Andrei Viorel"]
[Black "Samoila, Rares"]
[Result "1/2-1/2"]
[WhiteElo "1073"]
[BlackElo "1046"]
[PlyCount "66"]
[EventDate "2013.04.02"]
[EventType "swiss"]
[EventRounds "9"]
[EventCountry "ROU"]
[SourceTitle "CBM 153 Extra"]
[Source "ChessBase"]
[SourceDate "2013.04.22"]
[SourceVersion "1"]
[SourceVersionDate "2013.04.22"]
[SourceQuality "1"]

1. e4 e5 2. Nf3 Nc6 3. Bb5 a6 4. Ba4 Nf6 5. d3 Be7 6. c3 b5 7. Bc2 Bb7 8. 0-0 0-0 9. Re1 d6 10. Nbd2 Qd7 11. Nf1 a5 12. a3 a4 13. Ng3 Rfb8 14. Qe2 h6 15. Bd2 d5 16. exd5 Nxd5 17. Nxe5 Nxe5 18. Qxe5 Bf6 19. Qe2 Qc6 20. Ne4 Re8 21. Qg4 Rad8 22. Bxh6 Ne7 23. Re3 Ng6 24. Bg5 Re6 25. Rg3 Rd5 26. Bd1 Rxe4 27. dxe4 Rxg5 28. Qh3 Rxg3 29. Qxg3 Qxe4 30. Bf3 Bh4 31. Bxe4 Bxg3 32. Bxb7 Bd6 33. Re1 Ne5 1/2-1/2

[Event "ROM-ch U08"]
[Site "Calimanesti"]
[Date "2013.04.06"]
[Round "7"]
[White "Borsaru, David Andrei"]
[Black "Samoila, Rares"]
[Result "1/2-1/2"]
[WhiteElo "1096"]
[BlackElo "1046"]
[PlyCount "77"]
[EventDate "2013.04.02"]
[EventType "swiss"]
[EventRounds "9"]
[EventCountry "ROU"]
[SourceTitle "CBM 153 Extra"]
[Source "ChessBase"]
[SourceDate "2013.04.22"]
[SourceVersion "1"]
[SourceVersionDate "2013.04.22"]
[SourceQuality "1"]

1. e4 e5 2. Nf3 d5 3. exd5 e4 4. Nd4 Qxd5 5. Nb3 Be6 6. Nc3 Qd7 7. Be2 Nf6 8. 0-0 Be7 9. d3 exd3 10. Bxd3 0-0 11. Qf3 Nc6 12. Be3 Rfd8 13. Rad1 Bd6 14. Bg5 Bg4 15. Qe3 Re8 16. Qd2 Bxd1 17. Rxd1 Ng4 18. h3 Nh2 19. Bf4 Qe6 20. Bxh2 Bxh2+ 21. Kxh2 Qe5+ 22. Kg1 Qf6 23. Nd5 Qd6 24. Ne3 Qf6 25. Ng4 Qh4 26. Re1 Rxe1+ 27. Qxe1 Rd8 28. Bb5 h5 29. Ne3 g6 30. Qc3 Rd6 31. Bxc6 bxc6 32. Qa5 Rf6 33. f3 Kh7 34. Qxc7 Qe1+ 35. Nf1 Re6 36. Qxf7+ Kh6 37. Qf4+ g5 38. Qf8+ Kg6 39. Qg8+ 1/2-1/2